Miracle on 34th Street / (Record no. 4410)

MARC details
000 -LEADER
fixed length control field 00804nam a22002297a 4500
005 - DATE AND TIME OF LATEST TRANSACTION
control field 20240822092046.0
020 ## - INTERNATIONAL STANDARD BOOK NUMBER
International Standard Book Number 9780590225083
040 ## - CATALOGING SOURCE
Original cataloging agency DLC
Transcribing agency DLC
Modifying agency DLC
Description conventions amim
Language of cataloging eng
082 ## - DEWEY DECIMAL CLASSIFICATION NUMBER
Classification number 394.2663
100 ## - MAIN ENTRY--PERSONAL NAME
Personal name St.Clair, Sherry
245 00 - TITLE STATEMENT
Title Miracle on 34th Street /
Statement of responsibility, etc. a John Hughes production ; produced by Twentieth Century Fox ; directed by Les Mayfield.
260 ## - PUBLICATION, DISTRIBUTION, ETC.
Place of publication, distribution, etc. United States :
Name of publisher, distributor, etc. Twentieth Century Fox ;
Date of publication, distribution, etc. 1994.
300 ## - PHYSICAL DESCRIPTION
Extent 48 pages :
Other physical details color illustrations ;
Dimensions 28 cm .
505 ## - FORMATTED CONTENTS NOTE
Formatted contents note O <br/>
520 ## - SUMMARY, ETC.
Summary, etc. The lives of three people are changed by an old man who insists that he is Santa Claus
521 ## - TARGET AUDIENCE NOTE
Target audience note 640 <br/>
Source Lexile <br/>
521 ## - TARGET AUDIENCE NOTE
Target audience note O <br/>
Source Raz-Plus <br/>
650 ## - SUBJECT ADDED ENTRY--TOPICAL TERM
Topical term or geographic name entry element holiday
Form subdivision juvenile fiction
906 ## - LOCAL DATA ELEMENT F, LDF (RLIN)
a 0
b ibc
c orignew
d u
e ncip
f 19
g y-movingim
942 ## - ADDED ENTRY ELEMENTS (KOHA)
Source of classification or shelving scheme Dewey Decimal Classification
Koha item type Books
Suppress in OPAC No
999 ## -
-- 4410
-- 4410
Holdings
Withdrawn status Lost status Source of classification or shelving scheme Damaged status Not for loan Collection Home library Current library Shelving location Date acquired Total Checkouts Full call number Barcode Date last seen Price effective from Koha item type
    Dewey Decimal Classification     Juvenile Fiction Footprints International School Library Network Toul Kork Campus Footprints International School Library Network Toul Kork Campus   08/21/2024   CLA 394.2663 FISBK06183 08/21/2024 08/21/2024 Books